00000000nam##2200000za#4500
0019.661961
003CaOODSP
00520200330132236
007ta
008150407|1999||||xxc|||||     f|0| 0 eng|d
020 |a0-662-65064-6
040 |aCaOODSP|beng
041 |aeng
041 |afre
043 |an-cn---
0861 |aH39-501/1999-1
1101 |aCanada. |bHealth Canada.
24510|aHealthy development of children and youth : |bthe role of the determinants of health: an overview
260 |aOttawa - Ontario : |bHealth Canada |c1999.
300 |aEnglish text, iii, 26p. : |billus., tables ; |c28 cm.
500 |aN.B.: Incorrect catalogue number (H39-501/1999E) and ISBN (0-662-28062-8) printed in this publication. "This booklet is a quick guide to the full report entitled Health development of children and youth: the role of the determinants of health.... it provides contextual information about the population health approach and the process of child development, as well as basic demographic information about Canada's children and youth."--Introduction.
5203 |aThis booklet is a quick guide to the full report entitled Health development of children and youth: the role of the determinants of health.... it provides contextual information about the population health approach and the process of child development, as well as basic demographic information about Canada's children and youth.--Introduction
546 |aBilingual
563 |aSoftcover
590 |a00-26|b2000-06-30
69007|aChild development|2gcpds
69007|aHealth indicators|2gcpds
69007|aAdolescents|2gcpds
7760#|tLe développement sain des enfants et des jeunes : |w(CaOODSP)9.640483
7760#|tHealthy development of children and youth : |w(CaOODSP)9.696368
792 |tLe développement sain des enfants et des jeunes : |efre|w(CaOODSP)9.661962